EFFORT ESTIMATION OF EMBEDDED SYSTEMS USING FUNCTION POINT ANALYSIS / (Record no. 529370)

000 -LEADER
fixed length control field 00521nam a22001577a 4500
020 ## - INTERNATIONAL STANDARD BOOK NUMBER
Qualifying information Hard Cover.
082 ## - DEWEY DECIMAL CLASSIFICATION NUMBER
Classification number 621.3
100 ## - MAIN ENTRY--PERSONAL NAME
Personal name Shahzad, Khurram
245 ## - TITLE STATEMENT
Title EFFORT ESTIMATION OF EMBEDDED SYSTEMS USING FUNCTION POINT ANALYSIS /
Statement of responsibility, etc. Khurram Shahzad
260 ## - PUBLICATION, DISTRIBUTION, ETC.
Place of publication, distribution, etc. Islamabad:
Name of publisher, distributor, etc. CEME - NUST,
Date of publication, distribution, etc. 2016.
300 ## - PHYSICAL DESCRIPTION
Extent 64 p.: ill.;
Dimensions 30cm.
942 ## - ADDED ENTRY ELEMENTS (KOHA)
Source of classification or shelving scheme
Koha item type Thesis
650 ## - SUBJECT ADDED ENTRY--TOPICAL TERM
Topical term or geographic name entry element Computer Software Engineering MS-Thesis.
700 ## - ADDED ENTRY--PERSONAL NAME
Personal name Dr. Shoab Ahmed Khan.
650 ## - SUBJECT ADDED ENTRY--TOPICAL TERM
-- 16105
700 ## - ADDED ENTRY--PERSONAL NAME
-- 16053
Holdings
Withdrawn status Lost status Source of classification or shelving scheme Damaged status Not for loan Permanent Location Current Location Shelving location Date acquired Total Checkouts Full call number Barcode Date last seen Price effective from Koha item type
          Central Library (CL) Central Library (CL) Thesis 09/24/2019   621.3 CL-T-3 09/24/2019 09/24/2019 Thesis
© 2023 Central Library, National University of Sciences and Technology. All Rights Reserved.